Loading...

Company liquidations procedure and precedents

Bibliographic Details
Main Author: Rohra, Gopichand
Format: Printed Book
Language:English
Published: Kochi Swamy law house 2005
Subjects:
LEADER 00502nam a22001577a 4500
003 OSt
008 090430t xxu||||| |||| 00| 0 eng d
080 |a 347.728.5  |b ROH 
100 |a Rohra, Gopichand  |9 2569 
245 |a Company liquidations  |b procedure and precedents 
260 |a Kochi  |b Swamy law house  |c 2005 
300 |a 724p. 
653 |a Liquidation 
942 |c REF  |6 _ 
999 |c 186612  |d 186612 
952 |0 0  |1 0  |4 0  |6 3477285_ROH  |7 0  |9 240481  |a SLS  |b SLS  |d 2009-04-30  |o 347.728.5 ROH  |p SLS025058  |r 2009-04-30  |w 2009-04-30  |y REF